Beginning SQL Server 2005 Express Database Applications with Visual Basic Express and Visual Web Developer Express From Novice to Professional /

Guardado en:
Autor Principal: Dobson, Rick.
Autor Corporativo: SpringerLink (Online service)
Formato: Electrónico
Idioma:English
Publicado: Berkeley, CA : Rick Dobson, 2006.
Materias:
Acceso en línea:SpringerLink, via BECYT
Etiquetas: Agregar Etiqueta
Sin Etiquetas, Sea el primero en etiquetar este registro!
LEADER 00838nmm a22002175u 4500
001 springer.978-1-59059-523-7
003 Springer
005 20100326154440.0
007 cr#nn#008mamaa
008 100301s2006 xx j eng#d
020 |a 9781430201083 
100 1 |a Dobson, Rick. 
245 1 0 |a Beginning SQL Server 2005 Express Database Applications  |h [electronic resource] :  |b with Visual Basic Express and Visual Web Developer Express From Novice to Professional /  |c by Rick Dobson. 
260 |a Berkeley, CA :  |b Rick Dobson,  |c 2006. 
300 |b v.: digital 
650 0 |a Computer science 
650 1 4 |a Computer Science 
650 2 4 |a Programming Techniques 
650 2 4 |a Programming Languages, Compilers, Interpreters 
710 2 |a SpringerLink (Online service) 
856 4 0 |u http://dx.doi.org/10.1007/978-1-4302-0108-3  |y SpringerLink, via BECYT